MARC details
| 000 -LÍDER |
| campo de controle de tamanho fixo |
01401naa a22003137a 4500 |
| 001 - NÚMERO DE CONTROLE |
| campo de controle |
BR7904519 |
| 003 - IDENTIFICADOR DO NÚMERO DE CONTROLE |
| campo de controle |
BR-BrBNA |
| 005 - DATA E HORÁRIO DA ÚLTIMA TRANSAÇÃO |
| campo de controle |
20240918174422.0 |
| 007 - CAMPO FIXO DE DESCRIÇÃO FÍSICA--INFORMAÇÃO GERAL |
| campo de controle de tamanho fixo |
ta |
| 008 - CAMPO DE DADOS FIXOS--INFORMAÇÃO GERAL |
| campo de controle de tamanho fixo |
230509b bl.||||| |||| 00| 0 por d |
| 040 ## - FONTE DA CATALOGAÇÃO |
| Instituição da catalogação original |
BR-BrBNA |
| Idioma da catalogação |
por |
| Instituição que transcreveu o registro |
Biblioteca Nacional de Agricultura |
| 041 ## - CÓDIGO DE IDIOMA |
| Código do idioma do texto/trilha sonora ou título diferente |
(Pt) |
| 072 ## - CÓDIGO DE CATEGORIA DE ASSUNTO |
| Código de Categoria de Assunto |
H10 |
| 090 ## - NÚMERO DE CHAMADA LOCAL |
| Número de chamada |
H10 BR7904519 |
| 100 1# - ENTRADA PRINCIPAL--NOME PESSOAL |
| Nome pessoal |
Santos, J.H.R. dos |
| 100 1# - ENTRADA PRINCIPAL--NOME PESSOAL |
| Nome pessoal |
Lopes, L.O. |
| 245 1# - TÍTULO |
| Título |
Porcentagens de sementes de cultivares de feijao-de-corda, Vigna sinensis (L.)Savi, atacadas pelo Chalcodermus bimaculatus Fiedler, 1936 (Col., Cur.). Terceira lista [Manhoso; Brasil] |
| 246 1# - FORMA VARIANTE DO TÍTULO |
| Título/título abreviado |
[Percentage of cowpea seeds, Vigna sinensis (L.)Savi, injured by the Chalcodermus bimaculatus Fiedler, 1936 (Co l. Cur). Third list [Brazil]] |
| 246 1# - FORMA VARIANTE DO TÍTULO |
| Título/título abreviado |
[The SUDENE/UFC/FCPC CONVENTION. Research programme for bean plant] |
| Restante do título |
[Research report - 1978] |
| 260 3# - PUBLICAÇÃO, DISTRIBUIÇÃO, ETC. |
| Local de publicação, distribuição, etc. |
Fortaleza, CE (Brasil): |
| Data da publicação, distribuição, etc. |
1979. |
| 500 ## - NOTA GERAL |
| Nota geral |
Convenio SUDENE/UFC/FCPC. Programa de pesquisa com a cultura do feijoeiro<br/>Fortaleza, CE (Brasil): 1979. p. 49-56<br/>(BR7904519-AM)H10<br/> |
| 650 ## - ASSUNTO--TERMO TÓPICO |
| Cabeçalho tópico ou nome geográfico |
Praga de planta |
| 650 ## - ASSUNTO--TERMO TÓPICO |
| Cabeçalho tópico ou nome geográfico |
Feijao de corda |
| 650 ## - ASSUNTO--TERMO TÓPICO |
| Cabeçalho tópico ou nome geográfico |
Manhoso |
| 650 ## - ASSUNTO--TERMO TÓPICO |
| Cabeçalho tópico ou nome geográfico |
Variedade resistente |
| 773 0# - ENTRADA ANALÍTICA |
| Título |
Convenio SUDENE/UFC/FCPC. Programa de pesquisa com a cultura do feijoeiro |
| Edição |
|
| Número de controle do registro |
H10 BR7904519 |
| Partes relacionadas |
Fortaleza, CE (Brasil), 1979. p. 49-56 |
| 909 ## - |
| -- |
202404 |
| -- |
Lucia |
| -- |
55 |
| -- |
Lucia Elande |
| 942 ## - ELEMENTOS DE ENTRADA ADICIONADOS (KOHA) |
| Tipo de material Koha |
Capítulo-Livro |
| Fonte da classificação ou esquema de arquivamento na estante |
Classificação AGRIS |